LIBRARY & INFORMATION CENTRE, KCAET, TAVANUR

ONLINE PUBLIC ACCESS CATALOGUE (OPAC)

Randu Bhashaganangal / (Record no. 4049)

MARC details
000 -LEADER
fixed length control field 00537cam a2200205ua 4500
041 ## - LANGUAGE CODE
Language code of text/sound track or separate title mal
082 ## - DEWEY DECIMAL CLASSIFICATION NUMBER
Classification number 894.8121
Item number KUM/RA
100 ## - MAIN ENTRY--AUTHOR NAME
Personal name Kumarakavi, .
245 ## - TITLE STATEMENT
Title Randu Bhashaganangal /
250 ## - EDITION STATEMENT
Edition statement 1 /
260 ## - PUBLICATION, DISTRIBUTION, ETC. (IMPRINT)
Place of publication Thiruvananthapuram :
Name of publisher University of Travancore ,
Year of publication 1948.
300 ## - PHYSICAL DESCRIPTION
Number of Pages 78 ; .
490 0# - SERIES STATEMENT
Series statement Malayalam Series,
Volume number/sequential designation 69
942 ## - ADDED ENTRY ELEMENTS (KOHA)
Koha item type Books
Holdings
Withdrawn status Lost status Damaged status Home library Current library Date acquired Full call number Accession Number Koha item type
Withdrawn     KAUAET Malayalam University 07/04/2012 894.8121 KUM/RA 9063 Books
free website counter